Stray Kids Runners lyrics - Statistics

General Stats
  • This quiz has been taken 75 times
  • The average score is 332 of 467
Answer Stats
Answer % Correct
I
100%
O
100%
a
96%
A
96%
T
96%
the
93%
G
91%
L
89%
be
87%
I'm
87%
on
87%
On
87%
know
85%
me
85%
my
85%
go
83%
to
83%
We
83%
we
83%
all
80%
All
80%
an
80%
it
80%
let
80%
running
80%
that
80%
world
78%
about
76%
and
76%
feeling
76%
runners
76%
fall
74%
in
74%
show
74%
stop
74%
take
74%
watch
74%
won't
74%
Yeah
74%
yeah
74%
edge
72%
'cause
70%
'Cause
70%
Deeper
70%
deeper
70%
drowning
70%
edgy
70%
I'll
70%
tonight
70%
us
70%
we're
70%
We're
70%
alright
67%
at
67%
down
67%
Oh
67%
becoming
65%
chasing
65%
don"t
65%
don't
65%
head
65%
own
65%
sinking
65%
Too
65%
crying
63%
Heaven
63%
is
63%
just
63%
light
63%
little
63%
looking
63%
taking
63%
then
63%
this
63%
care
61%
city
61%
knows
61%
off
61%
One
61%
stunning
61%
surroundings
61%
way
61%
below
59%
made
59%
many
59%
thinking
59%
thoughts
59%
trip
59%
like
57%
never
57%
warnings
57%
are
54%
'bout
54%
Doing
54%
doing
54%
gotta
54%
machine
54%
Cybernetic
52%
getting
52%
orders
52%
screaming
52%
Soldier
52%
started
52%
step
52%
system
52%
up
52%
We'll
52%
we'll
52%
Winter
52%
Another
50%
hand
50%
Hold
50%
hold
50%
tightrope
50%
end
48%
for
48%
They
48%
they
48%
felt
46%
push
46%
whenever
46%
woah
46%
zoom
46%
But
43%
Come
43%
shell
43%
try
43%
wherever
43%
can
41%
Cracked
39%
day
39%
night
39%
fled
37%
forever
37%
gonna
37%
myself
37%
challenging
35%
give
35%
whoever
35%
hear
33%
jelly
33%
say
30%
touch
30%
Bah
28%
bah
28%
hell
28%
took
28%
Wobbly
28%
fly
26%
Horizon
26%
singing
26%
Ws
26%
cliff
24%
tell
24%
'til
24%
dancing
22%
already
17%
grinning
17%
No matching quizzes found
Score Distribution
Percent of People with Each Score
Percentile by Number Answered
Your Score History
You have not taken this quiz